000
00342nam a2200145Ia 4500
005
20251222153524.0
008
251222s9999||||xx |||||||||||||| ||spa||
020
_a
8497891732
082
_a
861.62/H43
100
_a
Hernández, Miguel
245
0
_a
Antología Poética
250
_a
1ra.ed.
264
_b
Biblioteca El Mundo
942
_c
LIB
999
_c
29823
_d
29823